| 000 | 00505nam a22001577a 4500 | ||
|---|---|---|---|
| 003 | OSt | ||
| 005 | 20221110194004.0 | ||
| 008 | 221006b |||||||| |||| 00| 0 eng d | ||
| 040 | _cBiblioteca Lado V | ||
| 082 |
_a708 _bR586u |
||
| 100 |
_ecurador _9376 _aRíos Rigau, Adlin |
||
| 245 |
_aU | TOpistas/ _bEstudio para proyectos contemporaneos/ |
||
| 260 |
_bGalería de Arte de la Universidad del Sagrado Corazon _c2000 |
||
| 300 |
_c18x23cm _a63p. |
||
| 942 |
_2ddc _c1 _h708 _iR586u _n0 |
||
| 999 |
_c2581 _d2581 |
||